Szczegóły MARC21

Język średniomongolski : słowotwórstwo, odmiana wyrazów, składnia /

003 -Nazwa inst., której nr kontr. jest w polu 001 [,]
    • @
    • Nazwa instytucji, której n kontrolny jest w polu 001
    • NUKAT
005 -DATA I CZAS OSTATNIEJ MODYFIKACJI [,]
    • @
    • pole kontrolne
    • 20241231095807.0
040 -Instytucja sporządzająca opis [ , ]
    • a
    • Instytucja, która sporządziła opis (NP)
    • LUBL KUL/KE
    • c
    • Instytucja, która sporządziła rekord (NP)
    • LUBL KUL/KE
    • d
    • Instytucja, która zmodyfikowała rekord (P)
    • LUBL KUL/KEs
    • d
    • Instytucja, która zmodyfikowała rekord (P)
    • WA U/MKos
041 -Język dokumentu [0, ]
    • a
    • Język tekstu (P)
    • polski
    • a
    • Język tekstu (P)
    • mongolski
942 -Rodzaj dokumentu [ , ]
    • c
    • Rodzaj dokumentu
    • Książka
100 -Hasło główne - nazwa osobowa [1, ]
    • a
    • Nazwa osobowa (NP)
    • Godziński, Stanisław
    • d
    • Daty biograficzne (NP)
    • (1939-2024).
    • 9
    • KHW
    • 17828
245 -Strefa tytułu i oznaczenia odpowiedzialności [1,0]
    • a
    • Tytuł
    • Język średniomongolski : Find
    • b
    • Ciąg dalszy tytułu (NP)
    • słowotwórstwo, odmiana wyrazów, składnia / Find
    • c
    • Pozostałe elementy strefy tytułu i oznaczenia odpowiedzialności (NP)
    • Stanisław Godziński.
260 -Strefa adresu wydawniczego [ , ]
    • a
    • Miejsce wydania (P)
    • Warszawa :
    • b
    • Nazwa wydawcy (P)
    • Wydawnictwa Uniwersytetu Warszawskiego,
    • c
    • Data wydania (P)
    • 1985.
300 -Strefa opisu fizycznego [ , ]
    • a
    • Określenie formy książki i/lub objętość (NP)
    • 271 s. ;
    • c
    • Format (NP)
    • 24 cm.
336 -Typ zawartości [ , ]
    • a
    • Termin opisujący typ zawartości
    • Tekst
    • b
    • Kod określający zawartość
    • txt
    • 2
    • Źródło (terminu i kodu)
    • rdacontent
337 -Typ mediów [ , ]
    • a
    • Tryb odtwarzania
    • Bez urządzenia pośredniczącego
    • b
    • Kod typu mediów
    • n
    • 2
    • Źródło (terminu i kodu)
    • rdamedia
338 -Typ/rodzaj nośnika [ , ]
    • a
    • Hasło opisujące typ nośnika
    • Wolumin
    • b
    • Kod typu nośnika
    • nc
    • 2
    • Źródło (terminu i kodu)
    • rdacarrier
490 -Strefa serii i książki wielotomowej - forma nie do wyszukiwania [1, ]
    • a
    • Tytuł (P)
    • Rozprawy Uniwersytetu Warszawskiego = Dissertationes Universitatis Varsoviensis, Find
    • x
    • ISSN (NP)
    • 0509-7177 ;
    • v
    • Numeracja (P)
    • 258
830 -Hasło dodatkowe serii i opisu książki wielotomowej - tytuł ujednolicony/tytuł [ ,0]
    • a
    • Tytuł ujednolicony/tytuł (NP)
    • Rozprawy Uniwersytetu Warszawskiego
    • x
    • ISSN
    • 0509-7177
    • v
    • Oznaczenie tomu (NP)
    • 258
    • 9
    • KHW
    • 10727
504 -Uwaga dot. bibliogr. załącznikowej [ , ]
    • a
    • Uwaga dot. bibliografii załącznikowej
    • Bibliogr. s. [266]-271. Indeks.
546 -Uwaga dot. języka [ , ]
    • a
    • Uwaga dot. języka
    • Tekst częśc. średniomongolski.
080 -Uniwersalna Klasyfikacja Dziesiętna [ , ]
    • 2
    • Identyfikator wydania tablic
    • UDC-P058
    • 9
    • UKD
    • 17760
    • a
    • Symbol klasyfikacji
    • 811.512.3'367
    • b
    • Dopowiedzenie
    • Języki mongolskie. - Składnia. Syntaktyka. Zdania.
    • 4
    • UKD2
    • 11237
    • x
    • Poddział wspólny
    • "12/15"
    • c
    • Dopowiedzenie poddz. wspólnego
    • Wiek XIII/XVI.
650 -Hasło przedmiotowe [ ,7]
    • a
    • Hasło przedmiotowe
    • Język mongolski (średniomongolski)
    • x
    • Określnik rzeczowy
    • gramatyka.
    • 2
    • Źródło terminu
    • kaba
    • 9
    • KHW
    • 411654
650 -Hasło przedmiotowe [ ,7]
    • a
    • Hasło przedmiotowe
    • Język mongolski (średniomongolski)
    • x
    • Określnik rzeczowy
    • słownictwo.
    • 2
    • Źródło terminu
    • kaba
    • 9
    • KHW
    • 411655
650 -Hasło przedmiotowe [ ,7]
    • a
    • Hasło przedmiotowe
    • Język mongolski (średniomongolski)
    • x
    • Określnik rzeczowy
    • słowotwórstwo.
    • 2
    • Źródło terminu
    • kaba
    • 9
    • KHW
    • 411656
650 -Hasło przedmiotowe [ ,7]
    • a
    • Hasło przedmiotowe
    • Język mongolski (średniomongolski)
    • x
    • Określnik rzeczowy
    • składnia.
    • 2
    • Źródło terminu
    • kaba
    • 9
    • KHW
    • 411657
650 -Hasło przedmiotowe [ ,7]
    • a
    • Hasło przedmiotowe
    • Język mongolski (średniomongolski)
    • x
    • Określnik rzeczowy
    • fleksja.
    • 2
    • Źródło terminu
    • kaba
    • 9
    • KHW
    • 411658
980 -Symbol UKD [ , ]
    • a
    • UKD
    • 811.512.3'367"12/15"
710 -Hasło dodatkowe - nazwa ciała zbiorowego [2, ]
    • a
    • Nazwa ciała zbiorowego lub nazwa geograficzna jako pierwszy element (NP)
    • Wydawnictwa Uniwersytetu Warszawskiego.
    • 4
    • Kod relacji
    • pbl
    • 9
    • KHW
    • 50781
931 -Powiązanie tyt. z wydaw. ciągłym [ , ]
    • a
    • Powiązanie tytułówki z wydaw. ciągłym
    • PATRZ WYDAWNICTWO CIĄGŁE
    • z
    • Numer rek. powiązanego
    • 119340